000 01664nam a2200397 a 4500
001 ebr10686380
003 CaPaEBR
006 m u
007 cr cn|||||||||
008 110304s2011 nyuabd sb 001 0 eng d
010 _z 2011003993
020 _z9781612095141
020 _z9781621003298 (e-book)
040 _aCaPaEBR
_cCaPaEBR
035 _a(OCoLC)750645747
043 _an-us---
050 1 4 _aTD223
_b.W29185 2011eb
082 0 4 _a363.6/10973
_222
245 0 0 _aWater infrastructure issues
_h[electronic resource] /
_cJames D. Haffner and Elisabeth M. Gennady, editors.
260 _aNew York :
_bNova Science Publishers,
_cc2011.
300 _aviii, 199 p. :
_bill. (some col.), maps.
490 1 _aWater resource planning, development and management
490 1 _aEnvironmental science, engineering and technology
504 _aIncludes bibliographical references and index.
533 _aElectronic reproduction.
_bPalo Alto, Calif. :
_cebrary,
_d2013.
_nAvailable via World Wide Web.
_nAccess may be limited to ebrary affiliated libraries.
650 0 _aWaterworks
_xGovernment policy
_zUnited States.
650 0 _aWaterworks
_zUnited States
_xFinance.
650 0 _aWater-supply, Rural
_zUnited States.
655 7 _aElectronic books.
_2local
700 1 _aHaffner, James D.
700 1 _aGennady, Elizabeth M.
710 2 _aebrary, Inc.
830 0 _aWater resource planning, development and management series.
830 0 _aEnvironmental science, engineering and technology series.
856 4 0 _uhttp://site.ebrary.com/lib/rucke/Doc?id=10686380
_zAn electronic book accessible through the World Wide Web; click to view
999 _c13072
_d13072